00684nam a2200241 a 4500001001300000003000900013005001700022008004100039020002200080082002000102100002500122245002900147260003800176300000900214500003500223505001000258650001900268700002500287902000800312942000700320952010000327999001500427nice12345678IN_TiNIC20260116012918.0050524s1987 dela grp 000 0 eng  a8120760 c6000a305.480297bENG aEngineer, Asghar Ali aStatus of Women in Islam aDelhibSterling Publishers c1987 a128p aincludes index and biblioraphy2 aIndex aWomen in Islam1 aEngineer, Asghar Ali bSRS cBK 00104070aHMIbHMId2007-09-17g60.00l0o305.480297 ENGp012683r2007-09-17w2026-01-16yEB c8864d8864